Les noms des tempêtes remarquables en France - Statistiques

Statistiques générales
  • Ce quiz a été pris 39 fois
    38 depuis la dernière actualisation
  • Le résultat moyen est 4 sur 10
Statistiques - réponses
Première
Lettre
Localisation Caractères spéciaux Date Nom % Correct
X Centre Ouest 53 morts dont 29 en Vendée et 12 en Charente-MaritimeLe plus de submersions 27 février 2010 Xynthia
79%
M Sud de la ligne Bretagne-Suisse Avec la précédente, dégâts estimés à 13 milliards d'euros140 morts dont 92 en France 27 décembre 1999 Martin
64%
A Alpes-Maritimes, Var et Finistère La plus pluvieuse et trajectoire originaleElle ne touche que 2 % de la France. 10 morts 1er octobre 2020 Alex
57%
L Les 3/4 Nord Elle s'est déplacée à une vitesse remarquable 26 décembre 1999 Lothar
57%
C Principalement le Nord-Ouest de la France 23 morts dont 4 en France. 1er novembre 2023 Ciarán
54%
K Sud-Ouest 28 morts dont 12 en FranceDégâts estimés à 1,2 milliard d'euros Persistance des vents forts 24 janvier 2009 Klaus
36%
D Bretagne et côtes de la Manche 95 morts dont 21 en France 25 janvier 1990 Daria
18%
H Tout le pays mais principalement le Nord 23 morts dont 13 dans la région Parisienne 3 février 1990 Herta
14%
V Moitié Nord 64 morts (en Europe ) 27 février 1990 Vivian
14%
W Moitié Nord 35 morts (en Europe) 1er mars 1990 Wiebke
14%
Aucun quiz correspondant
Distribution des résultats
% des personnes avec chaque résultat
Percentile par nombre de réponses
Votre historique - résultats
Vous n’avez pas pris ce quiz depuis la dernière actualisation